000 00262nam a22001097a 4500
050 _aQP 514
_b.M34
245 _aBiological chemistry
_cMahler R.Henry
260 _aNewyork:
_bHarper& row,
_c1966
300 _axv,872p.
650 _xbiological cemistry
942 _cGEN
999 _c1942
_d1942